000 00399nam a22001577a 4500
003 LK-CoDNM
005 20240812094956.0
008 240812b |||||||| |||| 00| 0 eng d
040 _aLK-CoDNM
_dLK-CoDNM
_eLK-CoDNM
080 _a10
_bN8
100 _aSEELEY J.R
245 _aTHE GROWTH OF BRITICH POLICY ( VOL I )
260 _aXXIV. 436P. : ILL ; 20 CM
700 _aK.C.M.G D
942 _cBK
999 _c147076
_d147076